Statistiken für Länder im 2. Weltkrieg Quiz

Klicken Sie hier um das Quiz zu spielen!

Allgemein

  • Dieses Quiz wurde 3,935 mal gespielt
  • Das Durchschnittsergebnis liegt bei 17 aus 25

Antwortstatistiken

Tote Land % Korrekt
5,318,000Deutschland
100%
407,300Vereinigte Staaten
97%
210,000Frankreich
97%
2,300,000Japan
94%
383,700Vereinigtes Königreich
94%
319,200Italien
94%
240,000Polen
94%
11,400,000Sowjetunion
89%
3,750,000China
86%
18,200Niederlande
82%
12,000Belgien
82%
42,000Kanada
75%
300,000Ungarn
69%
35,100Griechenland
66%
39,700Australien
65%
300,000Rumänien
61%
95,000Finnland
59%
18,500Bulgarien
56%
446,000Jugoslawien
56%
11,700Neuseeland
46%
30,000Lettland
34%
25,000Litauen
34%
34,000Estland
34%
30,000Albanien
32%
11,900Südafrika
26%

Verteilung der Resultate

Perzentil nach korrekt beantworteten Fragen

Anzahl Personen mit jedem Resultat

Ihre Resultats-Entwicklung

Sie haben dieses Quiz noch nicht gespielt